| 000 | 00393cam a22001337a 4500 | ||
|---|---|---|---|
| 008 | 180718b1984 xxu||||| |||| 00| 0 eng d | ||
| 082 | _aY1182x5414 Sa83 | ||
| 100 | _aSatpathy, T. | ||
| 245 |
_aIrrigation and economic development _cby T. Satpathy |
||
| 260 |
_aDelhi _bAshish _c1984 |
||
| 300 | _a224p. | ||
| 650 | _aEconomc development - Orissa - India | ||
| 650 | _aIrrigation - Orissa - India | ||
| 999 |
_c353663 _d353663 |
||